Value added statment: A review of its use in corporate reports (Record no. 32838)

MARC details
000 -LEADER
fixed length control field 00305nam a2200109Ia 4500
082 ## - DEWEY DECIMAL CLASSIFICATION NUMBER
Classification number 330.143.2
Item number MOR
100 ## - MAIN ENTRY--AUTHOR NAME
Personal name MORLEY, Michael F
245 #0 - TITLE STATEMENT
Title Value added statment: A review of its use in corporate reports
260 ## - PUBLICATION, DISTRIBUTION, ETC. (IMPRINT)
Place of publication London
Name of publisher Gee
Year of publication 1978
942 ## - ADDED ENTRY ELEMENTS (KOHA)
Koha item type Books
Holdings
Withdrawn status Lost status Damaged status Not for loan Home library Current library Date acquired Full call number Accession Number Koha item type
        RRII Library RRII Library 16/12/2021 330.143.2 MOR 13340 Books